000
00260nam a22001097a 4500
999
_c
166287
_d
166287
082
_a
_b
100
_a
Harpal Singh
245
_a
Hindi patrakaritha aur rashtriya andolan/
_c
by Harpal Singh.
260
_a
New Delhi:
_b
Jawahar,
_c
650
_a
942
_c
BK